LEADER 01271nam a2200253 4500 001 000000339799 003 CaOOAMICUS 005 20200312120438.0 008 200312s1810 it 000 u ita r 026 $auiil sohe i-to doNo (3) 1810 (A) 040 $aSeMil$bita 100 11$aVerri, Carlo,$d<1743-1823>.$0(OLS)http://semarc/name/47726 245 00$aSaggi di agricoltura pratica sulla coltivazione de' gelsi e delle viti del senatore Carlo Verri. 250 $aSeconda edizione ampliata, ed in miglior ordine ridotta dall'autore, coll'aggiunta di un nuovo metodo per formare le siepi di gelsi 264 1$aMilano :$bPresso Giuseppe Maspero,$c1810. 300 $aVIII, 309, [1] p. :$c8° 650 4$aAgricoltura - Trattati - Opere anteriori al 1900.$0(OLS)http://semarc/subject/39868 700 1 $aMaspero, Giuseppe,$c.$0(OLS)http://semarc/name/11339 850 $aSeMil 852 $aSeMil$W1$xVenegono$y1$m3XA II 22 FA$j219243$B230982$CSeMilBibl$Z2$F230982 $8I 941 1 $a10 996 $6245$aSaggi di agricoltura pratica sulla coltivazione de' gelsi e delle viti del senatore Carlo Verri$9(OLS)http://semarc/title/428736 996 $6264$aMilano :$bPresso Giuseppe Maspero$9(OLS)http://semarc/publisher/43727 LEADER 00719nam a2200217 i 4500 001 000000191327 003 CaOOAMICUS 005 20150217000000.0 008 150217n it u000 u ita u 013 $a169846 040 $aSeMil$bita 100 1 $aNolli, Gianfranco.$0(OLS)http://semarc/name/14502 245 10$a1. 300 $a252, [40] p. 500 $aFondo card. Giovanni Colombo. 773 0 $aNolli, Gianfranco$tMessaggio religioso della Bibbia.$dRoma : Ut unum sint, 1964-1966.$w()31420 850 $aSeMil 852 $aSeMil$W1$xVenegono$y1$m3GC VII 141$j141941$B141941$CSeMilBibl$Z2$F153518 $8B 941 1 $a3 961 $aLascito: Colombo Card. Giovanni 996 $6245$a1$9(OLS)http://semarc/title/6508 LEADER 01180nam a2200277 i 4500 001 000000112846 003 CaOOAMICUS 005 20190627090403.0 008 030305s1993 it u000 u ita u 013 $a85530 040 $aSeMil$bita 100 1 $aCastelli, Mario.$0(OLS)http://semarc/name/40532 245 10$aDal profondo :$blaicità e grazia nell'impegno sociale e politico dei credenti /$cMario Castelli ... [et al.]. 260 $aCernusco sul Naviglio (Milano) :$bCENS,$ccopyr. 1993. 300 $a249 p. ;$c19 cm. 490 0 $aTransizioni ;$v11 500 $aFondo Card. C.M. Martini. 650 4$aCristianesimo - Rapporti [con la] Società.$0(OLS)http://semarc/subject/49907 830 0$aTransizioni ;$v11.$0(OLS)http://semarc/title/10226 850 $aSeMil 852 $aSeMil$W1$xVenegono$y1$m3N I 542$j68563$B68563$CSeMilBibl$Z2$F101686 $81 941 1 $a4 961 $aOmaggio: Martini Card. Carlo Maria 996 $6245$aDal profondo :$blaicità e grazia nell'impegno sociale e politico dei credenti$9(OLS)http://semarc/title/164577 996 $6260$aCernusco sul Naviglio (Milano) :$bCENS$9(OLS)http://semarc/publisher/45273